Les 5 pays d’Océanie ayant le plus grand taux de divorces - Statistiques

Statistiques générales
  • Ce quiz a été pris 44 fois
  • Le résultat moyen est 3 sur 5
Statistiques - réponses
Rang % en 2015 Pays % Correct
3 2,040 Australie
100%
4 1,854 Nouvelle-Zélande
100%
1 3,590 Guam (États-Unis)
25%
5 1,345 Indonésie
17%
2 2,688 Mariannes du Nord (États-Unis)
11%
Aucun quiz correspondant
Distribution des résultats
% des personnes avec chaque résultat
Percentile par nombre de réponses
Votre historique - résultats
Vous n’avez pas pris ce quiz